000 00559nam a22001697a 4500
003 NUST
038 _aNusrat Nadeem
082 _a200
100 _aSohail, Saher
_9120098
245 _aDetection of Suspicious Financial Transactions in the Banking Domain to Counter Money Laundering/
_cSaher Sohail
264 _aIslamabad,
_bSEECS NUST,
_c2023.
300 _aill:
_b82,p:
_c30,cm.
650 _aMS- Data Science
_9123017
700 _aSupervisor: Dr. Seemab Latif
_996493
856 _uhttp://10.250.8.41:8080/xmlui/handle/123456789/40211
942 _2ddc
_cSC
999 _c607532
_d607532